UM Logo
Normal view MARC view
  • Leyco, Chino S.

Entry Personal Name

Number of records used in: 1

001 - CONTROL NUMBER

  • control field: 48406

003 - CONTROL NUMBER IDENTIFIER

  • control field: OSt

005 - DATE AND TIME OF LATEST TRANSACTION

  • control field: 20230626134523.0

008 - FIXED-LENGTH DATA ELEMENTS

  • fixed length control field: 230626|| aca||aabn | a|a d

040 ## - CATALOGING SOURCE

  • Original cataloging agency: OSt
  • Transcribing agency: OSt

100 ## - HEADING--PERSONAL NAME

  • Personal name: Leyco, Chino S.

670 ## - SOURCE DATA FOUND

  • Source citation: Work cat.: (OSt): Leyco, Chino S., BIR identifies legit cigarette, vape firms /, May 22, 2023.